Những ngọn đèn trước gió

Tallennettuna:
Bibliografiset tiedot
Päätekijä: Nguyễn, Văn Toán
Aineistotyyppi: Kirja
Kieli:Undetermined
Julkaistu: Hà Nội Công an nhân dân 2009
Aiheet:
Tagit: Lisää tagi
Ei tageja, Lisää ensimmäinen tagi!
Thư viện lưu trữ: Trung tâm Học liệu Trường Đại học Cần Thơ
LEADER 00621nam a2200205Ia 4500
001 CTU_147931
008 210402s9999 xx 000 0 und d
020 |c 48000 
082 |a 895.922803 
082 |b T406 
100 |a Nguyễn, Văn Toán 
245 0 |a Những ngọn đèn trước gió 
245 0 |c Nguyễn Văn Toán 
260 |a Hà Nội 
260 |b Công an nhân dân 
260 |c 2009 
650 |a Vietnamese literature,Văn học Việt Nam 
650 |y 21st century,Thế kỷ 21 
904 |i Trọng Hải 
980 |a Trung tâm Học liệu Trường Đại học Cần Thơ